La bella y la bestia ; Blancanieves y los siete Alienígenas (Registro nro. 29524)

Detalles MARC
000 -LEADER
fixed length control field 01249nam a22003377a 4500
003 - CONTROL NUMBER IDENTIFIER
control field OSt
005 - DATE AND TIME OF LATEST TRANSACTION
control field 20220802153225.0
008 - FIXED-LENGTH DATA ELEMENTS--GENERAL INFORMATION
fixed length control field 220714t2005 ck a|||br|||| 00| 1 spa d
020 ## - INTERNATIONAL STANDARD BOOK NUMBER
International Standard Book Number 9587043529
040 ## - CATALOGING SOURCE
Original cataloging agency CO-JMCR - CO-BoRCB
Transcribing agency CO-JMCR
041 1# - LANGUAGE CODE
Language code of text/sound track or separate title spa
Language code of librettos eng
082 04 - DEWEY DECIMAL CLASSIFICATION NUMBER
Edition number C /
Classification number ANHb
100 1# - MAIN ENTRY--PERSONAL NAME
Personal name Anholt, Laurence,
Dates associated with a name 1959-
Relator term autor
9 (RLIN) 42144
245 10 - TITLE STATEMENT
Title La bella y la bestia ; Blancanieves y los siete Alienígenas
Statement of responsibility, etc. Laurence Anholt ; ilustrado por Arthur Robins ; traducido por Carlo Frabetti.
246 10 - VARYING FORM OF TITLE
Title proper/short title Blancanieves y los siete Alienígenas
260 ## - PUBLICATION, DISTRIBUTION, ETC.
Place of publication, distribution, etc. Bogotá :
Name of publisher, distributor, etc. Alfaguara,
Date of publication, distribution, etc. 2005.
300 ## - PHYSICAL DESCRIPTION
Extent 128 páginas :
Other physical details ilustraciones ;
Dimensions 20 cm.
490 0# - SERIES STATEMENT
Series statement Historias increibles ;
Volume/sequential designation v 2
490 0# - SERIES STATEMENT
Series statement Alfaguara infantil.
521 1# - TARGET AUDIENCE NOTE
Target audience note Recomendado a partir de 8 años.
Source Tapa superior.
546 ## - LANGUAGE NOTE
Language note Traducido del inglés.
650 14 - SUBJECT ADDED ENTRY--TOPICAL TERM
Source of heading or term Literatura infantil inglesa
General subdivision Cuento
Chronological subdivision Siglo xx
9 (RLIN) 42145
650 14 - SUBJECT ADDED ENTRY--TOPICAL TERM
Source of heading or term Encantamientos en la literatura
650 14 - SUBJECT ADDED ENTRY--TOPICAL TERM
Source of heading or term Monstruos en la literatura
650 14 - SUBJECT ADDED ENTRY--TOPICAL TERM
Source of heading or term Humor en la literatura
650 14 - SUBJECT ADDED ENTRY--TOPICAL TERM
Source of heading or term Vida en otros planetas en la literatura
650 14 - SUBJECT ADDED ENTRY--TOPICAL TERM
Source of heading or term Parodias inglesas
700 1# - ADDED ENTRY--PERSONAL NAME
Personal name Robins, Arthur,
Relator term ilustrador
9 (RLIN) 42146
700 1# - ADDED ENTRY--PERSONAL NAME
Personal name Frabetti, Carlo,
Dates associated with a name 1945-
Relator term traductor
9 (RLIN) 42147
942 ## - ADDED ENTRY ELEMENTS (KOHA)
Source of classification or shelving scheme Dewey Decimal Classification
Koha item type Books
Existencias
Withdrawn status Lost status Source of classification or shelving scheme Damaged status Not for loan Home library Current library Shelving location Date acquired Source of acquisition Total Checkouts Full call number Barcode Date last seen Date last checked out Copy number Price effective from Koha item type
    Dewey Decimal Classification     Biblioteca Pública José María del Castillo y Rada Biblioteca Pública José María del Castillo y Rada Processing Center 07/14/2022 Donación 5 C / ANHb 201811822 02/06/2026 02/05/2026 Ej.1 07/14/2022 Books